000 01279cam a22003617a 4500
003 CHAP
005 20220329142603.0
008 020218d2001 mx r 00110 spa d
010 _a85332
011 _a86304
035 _a96842
040 _cCHAP
090 _aTesis
100 0 0 _aSalgado Flores, Rosalinda.
_9101583
245 1 0 _aModelo de redes de valor
_c/por Rosalinda Salgado Flores
260 _aChapingo, Méx. :
_bEl autor,
_c2001.
300 _a98h. :
_bgráfs. ; cuadros
502 _aTesis (M. C. en Economía del Desarrollo Rural) --UACH. División de Ciencias Económico-Administrativas
590 _aALEPH
_b10
_c20130110
_lUCH01
_h1446
590 _aBATCH-UPD
_b10
_c20130110
_lUCH01
_h0443
590 _aBATCH-UPD
_b10
_c20130410
_lUCH01
_h0119
590 _aBATCH-UPD
_b10
_c20130914
_lUCH01
_h1053
590 _aCONVERSION
_b10
_c20130109
_lUCH01
_h1347
650 1 4 _aCostos de producción
_xVeracruz.
_928516
650 1 4 _aProductos agrícolas
_xMercadeo
_xVeracruz.
_991996
650 1 4 _aProgramación lineal.
_992371
650 1 4 _aRedes de valor.
_995384
901 _aBK
905 _aMayto Villalobos S.
942 _cFOLL
949 _aTesis
_bBC
_cTES
_d33724000848792
_eTS2
_fc.2
_h39293
_i96842
_si
949 _aTesis
_bBC
_cTES
_d968421
_eTS1
_h39292
_i96842
_sb
999 _c85332
_d85332